La chicha (Registro nro. 17769)
[ vista simple ]
| 000 -LDR (LÍDER) | |
|---|---|
| Campo de control de longitud fija | 01783nam a2200337 a 4500 |
| 003 - IDENTIFICADOR DEL NÚMERO DE CONTROL | |
| Campo de control | CO-PeBPR |
| 005 - FECHA Y HORA DE LA ÚLTIMA TRANSACCIÓN | |
| Campo de control | 20260423120137.0 |
| 008 - ELEMENTOS DE DATOS DE LONGITUD FIJA--INFORMACIÓN GENERAL | |
| Campo de control de longitud fija | 260415e2024 ck a|||| n||| 00| 0 spa c |
| 020 ## - Código Internacional normalizado para libros | |
| Código Internacional normalizado para libros | 9786289626810 |
| 040 0# - FUENTE DE CATALOGACIÓN | |
| Agencia catalogadora original | CO-PeBPR |
| Idioma de la agencia catalogadora | spa |
| Agencia que transcribe | CO-PeBPR |
| Norma para la descripción | rda |
| 041 0# - Código del Idioma | |
| Código idioma del recurso original | spa |
| 082 04 - NÚMERO DE CLASIFICACIÓN DECIMAL DEWEY | |
| Número de clasificación | 394.1 Ll791ch |
| 100 1# - ASIENTO PRINCIPAL--NOMBRE PERSONAL | |
| Nombre personal | Llano Restrepo, María Clara |
| Fechas asociadas al nombre | 1967 |
| Términos de relación | autora |
| 245 10 - MENCIÓN DE TÍTULO | |
| Título propiamente dicho | La chicha |
| Subtítulo o título paralelo | : de bebida sagrada a veneno amarillo |
| Mención de responsabilidad | / Clara Llano, Marcela Campuzano ; prólogo de Roberto Pineda Camacho |
| 250 ## - MENCIÓN DE EDICIÓN | |
| Mención de edición | Edición especial |
| 264 #1 - Área de la Producción Publicación, Distribución, Manufactura, etc. | |
| Lugar de publicación, distribución, etc. | Bogotá, Colombia |
| Nombre de la editorial, distribuidor, etc. | : Prosa del mundo |
| Fecha de publicación, distribución, etc. | , 2024 |
| 300 ## - DESCRIPCIÓN FÍSICA | |
| Extensión | 186 páginas |
| Otros detalles físicos | : ilustraciones a color |
| Dimensiones | ; 22 centímetros |
| 336 ## - Tipo de Contenido | |
| Tipo de contenido | texto |
| Código de tipo de contenido | txt |
| Fuente | rdacontenido |
| 337 ## - Tipo de Medio | |
| Tipo de Medio | sin mediación |
| Código de tipo de medio | n |
| Fuente | rdamedio |
| 338 ## - Tipo de Soporte | |
| Tipo de soporte | volumen |
| Código de tipo de soporte | nc |
| Fuente | rdasoporte |
| 500 ## - NOTA GENERAL | |
| Nota general | Incluye índice |
| 520 ## - NOTA DE RESUMEN, ETC. | |
| Nota de sumario | En el desarrollo de esta historia, la chicha pierde la partida y es reemplazada precisamente por la cerveza. Contrario a la percepción demonizada que se tenía de la bebida indígena, la bebida extranjera, también fermentada, fue recibida e instalada como una de las puertas de entrada a la "civilización del pueblo", la industrialización del país, la modernización de las ciudades, y al poderoso capitalismo que fue invadiendo poco a poco nuestra vida cotidiana y transformando la manera de relacionarnos y divertirnos, de beber, de encontrarnos y de perdernos. |
| 521 ## - NOTA DE AUDIENCIA | |
| Nota de audiencia | Recomendado para jóvenes y adultos. |
| 650 14 - ASIENTO SECUNDARIO DE MATERIA - TÉRMINO TEMÁTICO | |
| Fuente del encabezado o término | LEMB |
| Encabezamiento temático | Chicha |
| Subdivisión general | Historia |
| Subdivisión geográfica | Colombia |
| 650 14 - ASIENTO SECUNDARIO DE MATERIA - TÉRMINO TEMÁTICO | |
| Fuente del encabezado o término | LEMB |
| Encabezamiento temático | Alimentos indígenas |
| Subdivisión general | Vida social y costumbres |
| 650 14 - ASIENTO SECUNDARIO DE MATERIA - TÉRMINO TEMÁTICO | |
| Fuente del encabezado o término | LEMB |
| Encabezamiento temático | Identidad cultural |
| 650 14 - ASIENTO SECUNDARIO DE MATERIA - TÉRMINO TEMÁTICO | |
| Fuente del encabezado o término | LEMB |
| Encabezamiento temático | Industria de bebidas alcohólicas |
| 700 1# - ASIENTO SECUNDARIO - NOMBRE PERSONAL | |
| Nombre personal | Campuzano Cifuentes, Marcela |
| Término de relación, rol en la obra | autora |
| 700 1# - ASIENTO SECUNDARIO - NOMBRE PERSONAL | |
| Nombre personal | Pineda Camacho, Roberto |
| Término de relación, rol en la obra | prologuista |
| 942 ## - ENTRADA DE ELEMENTOS AGREGADOS (KOHA | |
| Fuente de clasificación o esquema de estantería. | Dewey Decimal Classification |
| Tipo de ítem | Libro |
| Estado de pérdida | Fuente del sistema de clasificación o colocación | Estado de daño | No disponible para préstamo | Colección | Biblioteca de origen | Biblioteca actual | Ubicación en estantería | Signatura topográfica completa | Ejemplar | Código de barras | Tipo de ítem | Fecha de adquisición | Fuente de adquisición | Total de pagos | Fecha de la última vez visto |
|---|---|---|---|---|---|---|---|---|---|---|---|---|---|---|---|
| Dewey Decimal Classification | General | Sala de Patrimonio Bibliográfico y Documental - Biblioteca Departamental | Sala de Patrimonio Bibliográfico y Documental - Biblioteca Departamental | Área General | 394.1 Ll791ch | Ej.1 | RIBPD16037 | Libro | 23/04/2026 | Dotación MinCultura y BNC | 23/04/2026 |